00623nam a2200193Ia 4500001000700000003000500007008004100012010001100053040000900064100004200073245013300115260005100248300001000299440000500309500000500314503000500319650008400324650002100408Z_2014CHAP220113s1997 xx 000 0 und d a165087 cCHAP0 aCavallotti Vázquez, Beatriz Aurelia aLa ganadería de bovinos de carne en México y el TLC /cpor Beatriz Cavalloti Vázquez y Víctor Herminio Palacio Muñoz aChapingo, Méx. :bUACH. :,bCIESTAM,c1997 a17 p. a a a aGanaderíaxAspectos económicos I. Palacio Muñoz, Víctor Herminio II. t. aGanado de carne